| 000 | 00627cab a22001935a 4500 | ||
|---|---|---|---|
| 001 | L146967 | ||
| 008 | 090318e20090313xxkad f s 000 0 eng d | ||
| 035 | _a(Sirsi) u146967 | ||
| 041 | 0 | _aeng | |
| 100 | 1 | _aWatson, Stuart | |
| 245 | 0 | 0 |
_aRegional report _bKent |
| 260 | _c2009 | ||
| 490 | 0 |
_aProperty Week _v75(11) 13 March 2009, 75-81(5) |
|
| 520 | _aConsiders how Bluewater is facing its first recession. Reports how a project to build a greenhouse complex is helping to revitalise a deprived area. | ||
| 590 | _aKA | ||
| 651 | 4 | _aKent | |
| 690 | _aPROPERTY-COMMERCIAL PROPERTY-COMMERCIAL PROPERTY MARKET | ||
| 942 | _n0 | ||
| 999 |
_c81346 _d81346 |
||